Namibia : EIU country report :

Bibliographic Details
Format: Book
Published: London: The Economist Intelligence Unit, 2008.
Subjects:
LEADER 00454cam a2200145 7i4500
001 0000021889
005 20081119090000.0
022 0 0 |a 1356-4218 
090 0 0 |a NAMB 330.9   |b NAM 
245 0 0 |a Namibia :   |b EIU country report :   |b EIU country report :   |b September 2008. 
260 0 0 |a London:   |b The Economist Intelligence Unit,   |c 2008. 
300 # # |a 20 p. 
650 0 0 |a Namibia --   |x Country report  
651 0 0 |a Namibia  
999 |a B000023247  |b Book  |c Book  |e Business Information Centre